Loading...

The minor poems in English /

Bibliographic Details
Main Author: Milton, John
Format: Printed Book
Published: London : Mc Millan Press. 1972.
Subjects:
LEADER 00419cam a2200133ua 4500
082 1 4 |a 821.4  |b MIL-T 
100 1 |a Milton, John. 
245 1 0 |a The minor poems in English /  
260 |a London :   |b Mc Millan Press.  |c 1972. 
300 |a 362p.;  
650 0 |a English poetry 
942 |c BK 
999 |c 27693  |d 27693 
952 |0 0  |1 0  |4 0  |6 821_400000000000000_MILT  |7 0  |9 71284  |a KU  |b KU  |d 2020-12-21  |l 0  |o 821.4 MIL-T  |p EN01582A  |r 2020-12-21  |w 2020-12-21  |y BK